000 00725nam a2200289Ia 4500
005 20260324132933.0
008 008 260324s9999 xx 000 0 eng d
020 _a9780429277665
037 _aEBOOK
040 _aCRL
040 _beng
040 _cCRL
041 _2eng
041 _aeng
084 _qCRL
100 _aJack V. Matson; Suha F. Daou; Jeffrey G. Soper
_91191181
245 0 _aEffective Expert Witnessing, Fourth Edition
245 0 _bPractices for the 21st Century
260 _bTaylor and Francis
260 _c2004
365 _a
365 _b290
856 _uhttp://www.taylorfrancis.com/books/9780429277665
942 _cEBOOK
999 _c1789756
_d1789756